• 首页
  • 本馆介绍
  • 公告通知
  • 最新文献
  • 馆藏检索
  • 电子资源
  • 读者导购
  • 参考咨询
  • 我的图书馆
  • 登录
  • 详细信息显示
  • 放入我的书架
  • 预约/预借图书
  • 作者相关作品
  • 分类相关作品
  • 丛书相关作品
  • 出版社相关作品

书目信息

  • 表格格式
  • 工作单格式
  • 卡片格式
题名:
花艺设计基础
    
 
作者: 哈克 主编 ;彭亚男 , 冯茜 译
分册:  
出版信息: 郑州   中原农民出版社  2018
页数: 159页
开本: 30cm
丛书名:
单 册:
中图分类: S688.2
科图分类:
主题词: 花卉装饰--教材
电子资源:
ISBN: 978-7-5542-1870-9
000 00883nam0 2200265 450
001 012001005270
005 20131111155335.0
010    @a978-7-5542-1870-9@dCNY198.00
100    @a20190226d2018 em y0chiy50 ea
101 1  @achi@cger
102    @aCN@b410000
105    @aa z 000yy
106    @ar
200 1  @a花艺设计基础@9hua yi she ji ji chu@f(德)卡尔·米歇尔·哈克主编@g彭亚男,冯茜译
210    @a郑州@c中原农民出版社@d2018
215    @a159页@c彩图@d30cm
300    @aBLOOM'S花艺基础教材 Vol.1
330    @a本书介绍了花艺设计基础知识,重点介绍了所有重要的基础花艺设计类型,理论阐述和直观明了的图片相结合,使得整本书很容易理解。
606 0  @a花卉装饰@j教材
690    @aS688.2@v5
701  0 @c(德)@a哈克@9ha ke@4主编
702  0 @a彭亚男@9peng ya nan@4译
702  0 @a冯茜@9feng qian@4译
801  0 @aCN@b江苏凤凰@c20191020
905    @b1213135-7@dS688.2@e602@f3
    
    花艺设计基础/(德)卡尔·米歇尔·哈克主编/彭亚男,冯茜译.-郑州:中原农民出版社,2018
    159页:彩图;30cm
    BLOOM'S花艺基础教材 Vol.1
    
    ISBN 978-7-5542-1870-9:CNY198.00
    本书介绍了花艺设计基础知识,重点介绍了所有重要的基础花艺设计类型,理论阐述和直观明了的图片相结合,使得整本书很容易理解。
●
相关链接 在E读中查询图书 在五车中查询图书 在当当中查询图书 在豆瓣中查询图书


正题名:花艺设计基础     索取号:S688.2/602         预约/预借

序号 登录号 条形码 馆藏地/架位号 状态 备注
1 1213135   212131352   第二样本阅览室/ [索取号:S688.2/602] 在馆    
2 1213136   212131361   第三借阅区/ [索取号:S688.2/602] 在馆    
3 1213137   212131370   第三借阅区/ [索取号:S688.2/602] 在馆    
唐山师范学院图书馆 欢迎您!
大连网信软件有限公司© 版权所有